• 首页
  • 本馆介绍
  • 公告通知
  • 最新文献
  • 馆藏检索
  • 电子资源
  • 读者导购
  • 参考咨询
  • 我的图书馆
  • 登录
  • 详细信息显示
  • 放入我的书架
  • 预约/预借图书
  • 作者相关作品
  • 分类相关作品
  • 丛书相关作品
  • 出版社相关作品

书目信息

  • 表格格式
  • 工作单格式
  • 卡片格式
题名:
商业地产金牌策划与案例大全
    
 
作者: 徽湖 编著
分册:  
出版信息: 北京   中国建筑工业出版社  2017
页数: 10, 385页
开本: 26cm
丛书名: 商业地产实战系列丛书
单 册:
中图分类: F293.352 , F293.35
科图分类:
主题词: 房地产--营销策划
电子资源:
ISBN: 978-7-112-19783-5
000 01169nam 2200253 450
001 2369596582
005 20231202192023.66
010    @a978-7-112-19783-5@dCNY54.00
100    @a20170228d2017 em y0chiy50 ea
101 0  @achi
102    @aCN@b110000
105    @aak z 000yy
200 1  @a商业地产金牌策划与案例大全@Ashang ye de chan jin pai ce hua yu an li da quan@f徽湖编著
210    @a北京@c中国建筑工业出版社@d2017
215    @a10, 385页@c图@d26cm
225 2  @a商业地产实战系列丛书@Ashang ye de chan shi zhan ji lie cong shu
330    @a本书主要内容为: 第一章商业地产策划的基本知识, 第二章商业策划的目的, 第三章商业地产调研, 第四章商业地产项目定位, 第五章商业地产客户定位, 第六章商业地产产品策略建议, 第七章商业地产营销策划, 第八章商业地产价格策略, 第九章大型购物中心策划, 第十章超级市场策划, 第十一章社区底商策划, 第十二章城市综合体策划, 第十三章商业步行街策划, 第十四章商业地产策划实务-万能工具书, 附录还有商业地产策划所需表格。
410  0 @12001 @a商业地产实战系列丛书
606 0  @a房地产@x营销策划
690    @aF293.352@v5
690    @aF293.35@v4
701  0 @a徽湖@Ahui hu@4编著
801  0 @aCN@b湖北三新@c20170228
905    @aZUCC@dF293.35@e18
    
    商业地产金牌策划与案例大全/徽湖编著.-北京:中国建筑工业出版社,2017
    10, 385页:图;26cm.-(商业地产实战系列丛书)
    
    
    ISBN 978-7-112-19783-5:CNY54.00
    本书主要内容为: 第一章商业地产策划的基本知识, 第二章商业策划的目的, 第三章商业地产调研, 第四章商业地产项目定位, 第五章商业地产客户定位, 第六章商业地产产品策略建议, 第七章商业地产营销策划, 第八章商业地产价格策略, 第九章大型购物中心策划, 第十章超级市场策划, 第十一章社区底商策划, 第十二章城市综合体策划, 第十三章商业步行街策划, 第十四章商业地产策划实务-万能工具书, 附录还有商业地产策划所需表格。
●
相关链接 在五车中查询图书 在当当中查询图书 在豆瓣中查询图书


正题名:商业地产金牌策划与案例大全     索取号:F293.35/18         预约/预借

序号 登录号 条形码 馆藏地/架位号 状态 备注
1 2001288462   2001288462   320书库/ [索取号:F293.35/18] 在馆    
2 2001288463   2001288463   320书库/ [索取号:F293.35/18] 在馆    
3 2001288464   2001288464   320书库/ [索取号:F293.35/18] 在馆    
4 2001288465   2001288465   320书库/ [索取号:F293.35/18] 在馆    
5 2001288466   2001288466   320书库/ [索取号:F293.35/18] 在馆    
6 2001288467   2001288467   320书库/ [索取号:F293.35/18] 在馆    
7 2001288468   2001288468   320书库/ [索取号:F293.35/18] 在馆    
8 2001288469   2001288469   320书库/ [索取号:F293.35/18] 在馆    
9 2001288470   2001288470   320书库/ [索取号:F293.35/18] 在馆    
10 2001288471   2001288471   320书库/ [索取号:F293.35/18] 在馆    
11 2001288472   2001288472   320书库/ [索取号:F293.35/18] 在馆    
12 2001288473   2001288473   320书库/ [索取号:F293.35/18] 在馆    
13 2001288474   2001288474   320书库/ [索取号:F293.35/18] 在馆    
14 2001288475   2001288475   320书库/ [索取号:F293.35/18] 在馆    
15 2001288476   2001288476   320书库/ [索取号:F293.35/18] 在馆    
16 2001288477   2001288477   320书库/ [索取号:F293.35/18] 在馆    
17 2001288478   2001288478   320书库/ [索取号:F293.35/18] 在馆    
18 2001288479   2001288479   320书库/ [索取号:F293.35/18] 在馆    
19 2001288480   2001288480   320书库/ [索取号:F293.35/18] 在馆    
20 2001288481   2001288481   320书库/ [索取号:F293.35/18] 在馆    
21 2001288482   2001288482   320书库/ [索取号:F293.35/18] 在馆    
22 2001288483   2001288483   320书库/ [索取号:F293.35/18] 在馆    
23 2001288484   2001288484   320书库/ [索取号:F293.35/18] 在馆    
24 2001288485   2001288485   320书库/ [索取号:F293.35/18] 在馆    
25 2001288486   2001288486   320书库/ [索取号:F293.35/18] 在馆    
26 2001288487   2001288487   320书库/ [索取号:F293.35/18] 在馆    
27 2001288488   2001288488   320书库/ [索取号:F293.35/18] 在馆    
28 2001288489   2001288489   320书库/ [索取号:F293.35/18] 在馆    
29 2001288490   2001288490   320书库/ [索取号:F293.35/18] 在馆    
30 2001288491   2001288491   320书库/ [索取号:F293.35/18] 在馆    
山东省滨州职业学院图书馆 欢迎您!
大连网信软件有限公司© 版权所有